| 000 | 00767nam a22002057a 4500 | ||
|---|---|---|---|
| 001 | BD-DhSAU 10344 | ||
| 003 | BD-DhSAU | ||
| 005 | 20150627112712.0 | ||
| 008 | 150626b1966 bg ||||r|||| 000 0 ben d | ||
| 040 | _aBD-DhSAU | ||
| 082 |
_222 _a--- _bলায়লী |
||
| 100 | _aখান, দৌলতউজির বাহরাম | ||
| 245 |
_aলায়লী-মজনু / _cদৌলতউজির বাহরাম খান। আহমদ শরীফ সম্পাদিত |
||
| 260 |
_aঢাকা : _bবাংলা একাডেমী, _c১৯৬৬. |
||
| 300 |
_a৩০৭ পৃ. : _c২১ সেমি |
||
| 590 | _ajoy | ||
| 650 | _aপ্রেম কাহিনী | ||
| 700 | _aশরীফ, আহমদ | ||
| 942 |
_2ddc _cBOOK |
||
| 999 |
_c10344 _d10343 |
||